Dinosaur or Not? 6 - Statistics

General Stats
  • This quiz has been taken 41 times
  • The average score is 10 of 15
Answer Stats
Question Answer % Correct
Megaraptor Dinosaur
91%
Dreadnoughtus Dinosaur
83%
Australovenator Dinosaur
80%
Gigantoraptor Dinosaur
80%
Levititan Not
80%
Barosaurus Dinosaur
71%
Titanoraptor Not
71%
Patagotitan Dinosaur
69%
Diprotodon Not
69%
Procoptodon Not
63%
Riojavenatrix Dinosaur
60%
Heterocerus Not
57%
Dracoraptor Dinosaur
51%
Barrosasaurus Dinosaur
37%
Shri Dinosaur
29%
No matching quizzes found
Score Distribution
Percent of People with Each Score
Percentile by Number Answered
Your Score History
You have not taken this quiz